| 000 | 00367 a2200145 4500 | ||
|---|---|---|---|
| 999 |
_c325422 _d325422 |
||
| 001 | 90349 | ||
| 003 | NUST | ||
| 082 | _a891.4394 TAR | ||
| 100 |
_aMustansar Hussain Tarar _99703 |
||
| 245 |
_aTarar Nama 2 _hUrdu _cMustansar Hussain |
||
| 250 | _a2nd | ||
| 260 |
_aLahore _bSang-e-Meel Publication _c2012 |
||
| 300 | _a352p. | ||
| 500 | _aGeneral Books | ||
| 942 |
_aCAE NUST _cBK _k891.4394 TAR _2ddc |
||